00509nam a2200169Ia 4500008004100000020001500041041000800056082001700064100001600081245006200097250000600159260002000165300001000185650001500195999001900210952011000229210716s2005 xx 000 0 und d a8171698506 aeng a004.694 DEVV aDeva, Vasu. aE-services: an innovative approach.bInnovative approach. a1 aNew Delhic2005 ax,251 aE-Commerce c187897d187897 001040708MCAaAIMITbAIMITd2021-07-16l0o004.694 DEVVpMCA07405r2025-07-21 00:00:00w2021-07-16yBK